[Event "American Continental 2nd"]
[Site "Buenos Aires"]
[Date "2003.08.21"]
[Round "4"]
[White "Novikov, Igor A"]
[Black "Lugo, Blas"]
[Result "1-0"]
[WhiteElo "2598"]
[BlackElo "2416"]
[Annotator "Lutz,C"]
[PlyCount "77"]
[EventDate "2003.08.17"]
[EventType "swiss"]
[EventRounds "11"]
[EventCountry "ARG"]
[SourceTitle "CBM 097"]
[Source "ChessBase"]
[SourceDate "2003.11.11"]
[SourceVersion "1"]
[SourceVersionDate "2003.11.11"]
[SourceQuality "1"]

1. d4 d5 2. c4 c6 3. Nf3 Nf6 4. Nc3 e6 5. Bg5 dxc4 6. e4 b5 7. e5 h6 8. Bh4 g5
9. Nxg5 hxg5 10. Bxg5 Be7 $5 {Dieser Zug stellt eine seltenere Alternative dar
zu 11...Nbd7. Schwarz kann allerdings hier nicht auf Ausgleich hoffen und auch
die vorliegende Partie kann dieses Urteil nicht erschüttern.} 11. exf6 Bxf6 12.
Bxf6 Qxf6 13. g3 (13. a4 Rh4 $13 {gibt Schwarz Gegenspiel.}) 13... Na6 14. Bg2
Bb7 15. Ne4 $1 {Dies gilt als der beste Zug. Die schwarze Dame wird
zurückgedrängt und muss den Druck gegen den Pd4 aufgeben.} (15. Nxb5 $6 {
0-1 Labollita,M-Kanefsck,G/Buenos Aires 2003/CBM 97/[Lutz] (34)}) 15... Qe7 16.
O-O O-O-O 17. a4 {Weiß greift unmittelbar am Damenflügel an.} f5 {Schwarz muss
sich beeilen, um schnell Gegenspiel gegen den weißen Angriff zu entwickeln.} (
17... Kb8 $6 {ist zu langsam:} 18. Qd2 Nb4 (18... b4 19. Qe3 $16 {Kasparov,G})
19. Rfd1 e5 20. Nc5 Nd3 21. axb5 Nxc5 22. Qa5 Rxd4 23. bxc6 $16 {Paunovic,
D-Flear,G/Geneve 1986/Inf 41 (23)}) 18. Nc3 b4 (18... e5 $5 19. axb5 cxb5 20.
Nxb5 Bxg2 21. Rxa6 $1 {ist gut für Weiß, wie R.Vidoniak ausführt:} Bb7 $6 (
21... Bxf1 $2 {Vidoniak,R} 22. Nxa7+ Kb7 23. Qa4 Rd6 24. Qb5+ Kc7 25. Nc6 $18)
(21... Qh7 {Vidoniak,R} 22. h4 Bb7 (22... Bxf1 23. Nxa7+ Kb7 24. Qa4 c3 25.
Kxf1 $18) 23. Qa4 Bxa6 24. Qxa6+ Kb8 25. dxe5 $16) 22. Qa4 $1 $16 Rxh2 (22...
Bxa6 {Vidoniak,R} 23. Qxa6+ Kb8 24. dxe5 $16) 23. Nxa7+ Kb8 24. Nc6+ Kc7 25.
Kxh2 $18 { . 1-0 Vidoniak,R-Nedobora,M/Lvov 1992/Inf 54/[Vidoniak,R] (32)}) (
18... Kb8 $5 {Vidoniak,R} 19. Qe1 $1 b4 20. Ne2 e5 $5 (20... c5 21. Rc1 $1 $16
{/\ 21...cd4 22.Nd4}) 21. Nf4 $1 Rxd4 $5 (21... Qh7 22. Qxe5+ Ka8 23. Bh3 $1
$16) 22. Ng6 Qf6 23. Nxh8 Qxh8 24. Rc1 Qf6 25. Rc2 {/\ 26.Re2 e4 27.f3+/-}) 19.
Ne2 Nc5 $146 {Dieser Zug ist neu. Schwarz bringt den Springer heran, so dass
die Idee ...Qh7 an Kraft gewinnt.} (19... c5 20. Qc2 Bxg2 21. Kxg2 Qb7+ 22. f3
Nc7 (22... c3 $5 {Vidoniak,R} 23. bxc3 b3 24. Qd3 $1 $14) 23. Qxc4 Nd5 24.
Qxc5+ Kb8 25. Kg1 Rc8 26. Qd6+ Ka8 27. Rfc1 Ne3 28. Rxc8+ Qxc8 29. Rc1 Nc2 30.
d5 b3 31. dxe6 Qc4 32. Nf4 {1-0 Ruban,V-Ivanov,S/USSR 1985/Inf 40 (32)}) 20.
Qc2 Ne4 21. Rad1 c5 22. Nf4 $6 {Vielleicht sollte Weiß den Pc4 nehmen, solange
das möglich ist.} (22. Qxc4 $5 $16) 22... Rxh2 $2 {Diese Opferidee schlägt
letztlich nicht durch.} (22... Qh7 23. h3 Bd5 24. dxc5 Qg7 $132 {und Schwarz
hat eine gewisse Stabilität in seine Stellung gebracht.}) 23. Kxh2 Rh8+ 24. Kg1
Qh7 25. Rfe1 Nd2 (25... Nc3 26. d5 $18) 26. f3 $1 {Der einzige, aber
ausreichende Zug.} (26. Rxd2 $2 Qh1+ 27. Bxh1 Rxh1#) 26... Nxf3+ 27. Kf2 Nxe1
28. Rxe1 Bxg2 29. Nxg2 $18 {Damit hat sich der schwarze Angriff erledigt.} f4
30. Qxc4 fxg3+ 31. Ke3 Kb7 32. dxc5 Rd8 33. c6+ Kc7 34. Nf4 Qh6 35. Qxb4 Rd5
36. Qb7+ Kd6 37. Qd7+ Ke5 38. Kf3+ Kd4 39. Re4+ 1-0

[Event "RUS-ch 53rd"]
[Site "Samara"]
[Date "2000.06.25"]
[Round "9"]
[White "Zakharevich, Igor"]
[Black "Ivanov, Sergey"]
[Result "1/2-1/2"]
[WhiteElo "2486"]
[BlackElo "2543"]
[Annotator "Lutz,C"]
[PlyCount "136"]
[EventDate "2000.06.03"]
[EventType "swiss"]
[EventRounds "11"]
[EventCountry "RUS"]
[SourceTitle "CBM 078"]
[Source "ChessBase"]
[SourceDate "2000.10.18"]
[SourceVersion "1"]
[SourceVersionDate "2000.10.18"]
[SourceQuality "1"]

1. d4 d5 2. Nf3 Nf6 3. c4 c6 4. Nc3 e6 5. Bg5 dxc4 6. e4 b5 7. e5 h6 8. Bh4 g5
9. Nxg5 hxg5 10. Bxg5 Nbd7 11. exf6 Bb7 12. g3 c5 13. d5 Qb6 14. Bg2 O-O-O 15.
O-O b4 16. Na4 Qa6 $5 {In diesem Abspiel wurde meines Wissens noch kein
abschließendes Urteil gefällt.} (16... Qb5) (16... Qd6) 17. a3 Bxd5 18. Bxd5
Ne5 19. axb4 Rxd5 20. Qe2 cxb4 21. Nc3 Ra5 $5 {Die Hauptalternative an dieser
Stelle ist ein Qualitätsopfer, das ebenfalls spielbar für Schwraz zu sein
scheint.} (21... Qc6 22. Nxd5 Qxd5 $44 23. f3 Nd3 24. h4 b3 $1 (24... Bc5+ 25.
Kg2 Kb7 26. Ra5 $1 {1-0 Ivanchuk,V-Shirov,A/Novgorod 1994/CBM 43/[Ftacnik] (46)
Ftacnik}) 25. Kg2 Kb7 $44 {1-0 Khalifman,A-Ivanchuk,V/Elista 1998/CBM 65/[Lutz]
(59)}) 22. Rxa5 Qxa5 23. Ne4 Nd3 24. Rd1 (24. Be3 $5 Rh5 25. Bxa7 Rd5 26. Be3
Qa2 27. Qg4 Ne5 28. Qg8 Rd8 29. Bb6 Qa8 30. Bxd8 Qxe4 31. Qxf8 Nf3+ 32. Kh1
Nh4+ 33. f3 Qe2 34. Ba5+ Kb7 35. Qxb4+ Ka8 36. Qf8+ Kb7 37. Qe7+ Ka6 38. Qd6+ {
1-0 Beliavsky,A-Atalik,S/Vrnjacka Banja 1999/EXT 2000 (38)}) (24. b3 Qe5 25.
Rd1 $1 {1-0 Kortschnoj,V-Lutz,C/Horgen 1994/CBM 43/[Knaak] (42)} (25. Rc1 $2 {
Lutz,Ch-Piket,J/WDR TV-Cup/1994/ CBM 42 Knaak (30)})) (24. Qc2 Qd5 25. Nd2 Qxg5
(25... Bc5 26. Qxc4 Nxf2 27. Rxf2 Qxc4 28. Nxc4 Bxf2+ 29. Kxf2 Rxh2+ 30. Kg1
Rh7 $14 {Knaak}) 26. Qxc4+ Nc5 27. Ne4 Qh5 28. Rc1 $1 $16 {Knaak}) 24... Qe5
25. Rxd3 cxd3 26. Qxd3 Qd5 27. Qa6+ Kb8 28. Qe2 Kb7 29. Bf4 e5 30. Bd2 a5 31.
b3 $44 {Weiß hat Kompensation für die Qualität, da der schwarze König sehr
offen steht. Schwarz wird Zeitverlieren müssen, um den Turm ins Spiel zu
bringen.} Bh6 32. Bxh6 Rxh6 33. h4 Rh8 34. h5 Rd8 35. Kh2 Kb6 36. Qc2 a4 37.
bxa4 b3 38. a5+ Kxa5 39. Qc7+ Kb4 40. Qc3+ Kb5 41. Qe3 Qc4 42. Nd2 Qd3 43. Nxb3
Qxe3 44. fxe3 Rd6 45. g4 Rxf6 46. Kg3 Kc4 47. Nd2+ Kd3 48. g5 Re6 49. Nf1 Ke2
50. Nh2 Kxe3 51. Kg4 Ke4 52. Nf1 Ra6 53. Ng3+ Kd5 54. h6 e4 55. h7 Ra8 56. Kf5
e3 57. Kf6 Rh8 58. Kg7 Rxh7+ 59. Kxh7 Ke5 60. Ne2 Kf5 61. Kh6 Kg4 62. Nd4 Kf4
63. Kh5 Ke4 64. Ne2 Kf3 65. Nd4+ Ke4 66. Nc2 Kd3 67. Ne1+ Ke2 68. Ng2 Kf3
1/2-1/2

[Event "Pamplona 15th"]
[Site "Pamplona"]
[Date "2005.12.29"]
[Round "7"]
[White "Izoria, Zviad"]
[Black "Cheparinov, Ivan"]
[Result "0-1"]
[WhiteElo "2646"]
[BlackElo "2618"]
[Annotator "Lutz,C"]
[PlyCount "74"]
[EventDate "2005.12.23"]
[EventType "tourn"]
[EventRounds "7"]
[EventCountry "ESP"]
[EventCategory "16"]
[SourceTitle "CBM 111"]
[Source "ChessBase"]
[SourceDate "2006.04.04"]
[SourceVersion "1"]
[SourceVersionDate "2006.04.04"]
[SourceQuality "1"]

1. d4 d5 2. c4 c6 3. Nf3 Nf6 4. Nc3 e6 5. Bg5 dxc4 6. e4 b5 7. e5 h6 8. Bh4 g5
9. Nxg5 hxg5 10. Bxg5 Nbd7 11. exf6 Bb7 12. g3 c5 13. d5 Qb6 14. Bg2 O-O-O 15.
O-O b4 16. Na4 Qa6 $5 17. a3 Bxd5 18. Bxd5 Ne5 19. axb4 Rxd5 20. Qe2 cxb4 21.
Nc3 Ra5 {Die Hauptalternative ist 21....Qc6.} (21... Qc6 22. Nxd5 Qxd5 $44 23.
f3 Nd3 24. h4 b3 $1 (24... Bc5+ 25. Kg2 Kb7 26. Ra5 $1 {1-0 Ivanchuk,V-Shirov,
A/Novgorod 1994/CBM 43/[Ftacnik] (46) Ftacnik}) 25. Kg2 Kb7 $44 {1-0 Khalifman,
A-Ivanchuk,V/Elista 1998/CBM 65/[Lutz] (59)}) 22. Rxa5 Qxa5 23. Ne4 Nd3 {
Diese Stellung ist zwar riskant für Schwarz, aber vom theoretischen Standpunkt
her ist die Stellung nicht klar.} 24. Rd1 (24. Be3 $5 Qh5 $5 (24... Qd5 $6 25.
Ng5 e5 26. Ra1 a5 27. Qg4+ $18 {1-0 Sakaev,K-Abreu,A/Yerevan 2001/CBM 086/
[Lutz] (30)}) (24... Kb7 $2 25. Ng5 $1 Qd5 26. Nxf7 Rg8 27. f4 $1 $16 {1-0
Georgiev,K-Chernin,A/Neum 2000/CBM 80/[Pavlovic] (53)}) (24... Rh5 25. Bxa7 Rd5
26. Be3 Qa2 27. Qg4 Ne5 28. Qg8 Rd8 29. Bb6 Qa8 30. Bxd8 Qxe4 31. Qxf8 Nf3+ 32.
Kh1 Nh4+ 33. f3 Qe2 34. Ba5+ Kb7 35. Qxb4+ Ka8 36. Qf8+ Kb7 37. Qe7+ Ka6 38.
Qd6+ {1-0 Beliavsky,A-Atalik,S/Vrnjacka Banja 1999/EXT 2000 (38)}) 25. f3 Kb7 (
25... a5 26. b3 cxb3 27. g4 Qxh2+ 28. Qxh2 Rxh2 29. Kxh2 a4 $13 {Pavlovic;
Kosic}) 26. b3 (26. Ra1 a5 27. g4 Qe5 {Pavlovic; Kosic}) 26... Nc5 $1 27. Ng5
Bd6 $13 {Pavlovic; Kosic}) (24. b3 Qe5 25. Rd1 $1 {1-0 Kortschnoj,V-Lutz,C/
Horgen 1994/CBM 43/[Knaak] (42)} (25. Rc1 $2 {Lutz,Ch-Piket,J/WDR TV-Cup/1994/
CBM 42 Knaak (30)})) (24. Qc2 Qd5 25. Nd2 Qxg5 (25... Bc5 26. Qxc4 Nxf2 27.
Rxf2 Qxc4 28. Nxc4 Bxf2+ 29. Kxf2 Rxh2+ 30. Kg1 Rh7 $14 {Knaak}) 26. Qxc4+ Nc5
27. Ne4 Qh5 28. Rc1 $1 $16 {Knaak}) 24... Qe5 25. Rxd3 cxd3 26. Qxd3 {Dieses
Qualitätsopfer basiert darauf, dass der schwarze König offen steht und der Rh8
nicht so leicht ins Spiel kommt. Jedoch sollte Schwarz hier keine Probleme
haben.} Qd5 27. Qc2+ $6 $146 {Dieser Zug ist neu und erscheint mir nicht wie
eine Verbesserung gegenüber 27.Qa6+.} (27. Qa6+ Kb8 28. Qe2 Kb7 29. Bf4 e5 30.
Bd2 a5 31. b3 $44 {Weiß hat Kompensation für die Qualität, da der schwarze
König sehr offen steht. Schwarz wird Zeitverlieren müssen, um den Turm ins
Spiel zu bringen.} Bh6 32. Bxh6 Rxh6 33. h4 Rh8 34. h5 Rd8 35. Kh2 Kb6 36. Qc2
a4 37. bxa4 b3 38. a5+ Kxa5 39. Qc7+ Kb4 40. Qc3+ Kb5 41. Qe3 Qc4 42. Nd2 Qd3
43. Nxb3 Qxe3 44. fxe3 Rd6 45. g4 Rxf6 46. Kg3 Kc4 47. Nd2+ Kd3 48. g5 Re6 49.
Nf1 Ke2 50. Nh2 Kxe3 51. Kg4 Ke4 52. Nf1 Ra6 53. Ng3+ Kd5 54. h6 e4 55. h7 Ra8
56. Kf5 e3 57. Kf6 Rh8 58. Kg7 Rxh7+ 59. Kxh7 Ke5 60. Ne2 Kf5 61. Kh6 Kg4 62.
Nd4 Kf4 63. Kh5 Ke4 64. Ne2 Kf3 65. Nd4+ Ke4 66. Nc2 Kd3 67. Ne1+ Ke2 68. Ng2
Kf3 {1/2-1/2 Zakharevich,I-Ivanov,S/Samara 2000/CBM 078/[Lutz] (68)}) 27... Kb7
28. Bf4 {Weiß will ...e6-e5 provozieren.} e5 29. Bg5 b3 $1 $17 {Dieser Zug
macht den Unterschied zu Yakharevich,I-Ivanov,S aus: Der schwarze Läufer kann
nach b4 entwickelt werden und der Turm kommt schnell ins Spiel. Schwarz ist im
Vorteil.} 30. Qe2 Bb4 31. Kg2 (31. h4 Rc8) 31... a5 32. Qf3 Rd8 33. h4 a4 {
Die schwarzen Bauern am Damenflügel bringen die Entscheidung.} 34. Bc1 Kb8 35.
Qf5 Rc8 36. Bf4 Rc5 37. Be3 a3 $1 (37... a3 38. Bxc5 (38. bxa3 b2 $19) 38...
Bxc5) 0-1

[Event "Cuernavaca Young Masters"]
[Site "Cuernavaca"]
[Date "2006.02.10"]
[Round "8"]
[White "Cheparinov, Ivan"]
[Black "Vallejo Pons, Francisco"]
[Result "0-1"]
[WhiteElo "2625"]
[BlackElo "2650"]
[Annotator "Lutz,C"]
[PlyCount "120"]
[EventDate "2006.02.03"]
[EventType "tourn"]
[EventRounds "9"]
[EventCountry "MEX"]
[EventCategory "16"]
[SourceTitle "CBM 112"]
[Source "ChessBase"]
[SourceDate "2006.06.07"]
[SourceVersion "1"]
[SourceVersionDate "2006.06.07"]
[SourceQuality "1"]

1. d4 Nf6 2. c4 e6 3. Nf3 d5 4. Nc3 dxc4 5. e4 Bb4 6. Bg5 b5 7. a4 c6 8. e5 h6
9. exf6 hxg5 10. fxg7 Rg8 11. h4 {Mit diesem Zug öffnet Weiß entweder die
h-Linie oder aber erhält einen Freibauern. Die Alternative 11.g3 ist ebenfalls
gut für Weiß.} (11. g3 {1-0 Ivanchuk,V-Vallejo Pons,F/Morelia/Linares 2006/CBM
112/[Lutz] (24)}) 11... g4 {Schwarz entschließt sich, die h-Linie geschlossen
zu lassen, dies ist vermutlich die beste Fortsetzung.} (11... Nd7 $5 12. hxg5
Bb7 13. Rh8 Ke7 14. Rh7 Qa5 15. Qc1 bxa4 16. Qc2 a3 17. Bxc4 Nb6 18. Ne5 Nxc4
19. Nxc4 Qxg5 20. Qb3 c5 21. bxa3 Bxc3+ 22. Qxc3 Qxg2 23. Ne3 Qg5 24. d5 Rac8
25. dxe6 fxe6 26. O-O-O Bf3 27. Re1 Qf6 28. Qxf6+ Kxf6 29. Rg1 Be4 30. Rh6+ Ke7
31. Rg4 Bf5 32. Rg5 Kf7 33. Nc4 Ke7 34. Ne3 Kf7 35. Nxf5 exf5 36. Rd6 Rc7 37.
Rd5 Rxg7 38. Rdxf5+ Ke8 39. Rxc5 Rxg5 40. Rxc7 Rf5 41. Rc2 Rf3 42. Ra2 a5 43.
a4 Rf4 44. Kd1 Kf7 45. Ke2 Kf6 46. f3 Kf5 47. Ke3 Rb4 48. Ra3 Rh4 49. Kd3 Rb4
50. Kc3 Kf4 51. Kc2 Rc4+ 52. Kd3 {1/2-1/2 Gustafsson,J-Meister,Y/Hoeckendorf
2004/CBM 100 (52)}) (11... gxh4 12. Rxh4 Qf6 13. g3 Nd7 14. Bg2 Bb7 15. Kf1
Bxc3 16. bxc3 c5 17. axb5 Qxg7 18. dxc5 Nxc5 19. Rxc4 Rd8 20. Qe2 Nb3 21. Rd1
Qf6 22. Rc7 Be4 23. b6 axb6 24. Qb5+ Kf8 25. Qxb3 Rxg3 26. Rxd8+ Qxd8 27. Qb4+
{1-0 Hansen,C-Hansen,S/Reykjavik 1995/CBM 047 (27)}) 12. Ne5 Rxg7 (12... f5 13.
g3 Qd5 14. Rh2 Qe4+ 15. Be2 Nd7 16. Qd2 Bxc3 17. Qxc3 Nxe5 18. dxe5 Rxg7 19. h5
Bb7 20. h6 Rh7 21. Rd1 c5 22. axb5 Rd8 23. Rc1 Rd4 24. Kf1 Qxe5 25. Bxc4 Qf6
26. Qe3 Re4 27. Qd2 Rd4 28. Qe3 Re4 29. Qd2 Rd4 30. Qe3 {1/2-1/2 Popov,
V-Ivanov,S/Moscow 2005/CBM 106 (30)}) 13. h5 f5 14. g3 $146 (14. Be2 $5 Qg5 15.
Kf1 Bb7 16. axb5 Bxc3 17. bxc6 Nxc6 18. bxc3 Nxe5 19. dxe5 Bd5 20. Qa4+ Kf8 21.
Bxc4 Qd2 22. Bxd5 Qxd5 23. Qd4 Qxd4 24. cxd4 Rd7 25. Ra4 Rad8 26. h6 Rxd4 27.
Rxd4 Rxd4 28. Rh5 Kg8 29. h7+ Kh8 30. Rh6 Re4 31. Rxe6 Kxh7 {1/2-1/2 Kramnik,
V-Yudasin,L/Pamplona 1992/CBM 033 (31)}) 14... Qd5 15. Rh2 Qe4+ 16. Be2 Nd7 17.
h6 Rh7 18. Nxd7 Bxc3+ (18... Kxd7 19. Kf1 Bxc3 20. bxc3) 19. bxc3 Kxd7 20. Qd2
{Weiß hat einen Bauern weniger, aber dafür die Kontrolle über die schwarzen
Felder. Deswegen hat er die Initiative, aber die schwarze Stellung ist fest.}
Bb7 21. Kf1 Rah8 22. Re1 Qd5 23. Bd1 Qd6 24. Re5 a6 25. Qe3 Bc8 26. f3 $5 gxf3
27. Bxf3 Kd8 28. axb5 axb5 29. Qf4 Bd7 30. Ra2 {Weiß geht zu konkreten
Aktionen über, die aber auch nicht mehr als Dauerschach versprechen sollten.}
Rxh6 31. Ra8+ Kc7 32. Ra7+ Kc8 33. Ra8+ Kc7 (33... Kb7 $2 34. Rxb5+ $18) 34.
Ra7+ Kc8 {Weiß sollte nun Dauerschach geben. In den folgenden Zügen spielt
vermutlich die Zeitnot eine Rolle.} 35. Kg1 $6 (35. Ra8+ $11) 35... Qb8 $17 36.
Ra6 b4 37. cxb4 Qxb4 38. Ra1 Qb2 $2 (38... Qb8 $5) 39. Ree1 $2 (39. Rea5) 39...
Kd8 $2 (39... Rh2 $19) 40. Qg5+ $2 (40. Rab1) 40... Kc8 41. Qf4 Rh2 $19 42. Qe3
f4 43. Ra8+ Kb7 44. Rxh8 Rg2+ 45. Bxg2 fxe3 46. Rf8 c3 47. Rff1 e2 48. Rf7 c2
49. Rxd7+ Kc8 50. Rd6 c1=Q 51. Rxc6+ Qxc6 52. Bxc6 Qxd4+ 53. Kg2 Qc3 54. Rxe2
Qxc6+ 55. Kg1 Kd7 56. Rg2 Qc1+ 57. Kh2 Qh6+ 58. Kg1 Qe3+ 59. Kh2 Ke7 60. g4 Kf6
0-1

[Event "Pula zt 1.2"]
[Site "Pula"]
[Date "2000.04.21"]
[Round "10"]
[White "Beliavsky, Alexander G"]
[Black "Zaja, Ivan"]
[Result "1-0"]
[WhiteElo "2640"]
[BlackElo "2452"]
[Annotator "Lutz,C"]
[PlyCount "75"]
[EventDate "2000.04.11"]
[EventType "swiss"]
[EventRounds "11"]
[EventCountry "CRO"]
[SourceTitle "CBM 077"]
[Source "ChessBase"]
[SourceDate "2000.07.27"]
[SourceVersion "1"]
[SourceVersionDate "2000.07.27"]
[SourceQuality "1"]

1. d4 d5 2. c4 c6 3. Nf3 Nf6 4. Nc3 e6 5. Bg5 dxc4 6. e4 b5 7. e5 h6 8. Bh4 g5
9. Nxg5 hxg5 10. Bxg5 Nbd7 11. exf6 Bb7 12. g3 c5 13. d5 Ne5 $5 {Mit diesem
Zug bot Zaja etwas naiv ein Unentschieden an, was ihm die Qualifikation zur
Weltmeisterschaft gesichert hätte. Aber Beliavsky selbst hatte die
Qualifikation bereits sicher und sah daher keinen Grund, mit Weiß gegen einen
deutlich schwächeren Gegner ein Unentschieden zu vereinbaren. Vielleicht hatte
Zaja gehofft, dass Beliavsky unangenehm an seine Begegnung gegen Illescas
erinnert würde, aber der Ukrainer hat eine Neuerung parat.} (13... Qb6 {
führt zur Hauptvariante.}) 14. Bg2 Nd3+ 15. Kf1 Qd7 16. dxe6 fxe6 17. Qe2 (17.
b3 O-O-O 18. bxc4 Bh6 $1 19. Bh4 {0-1 Beliavsky,A-Illescas Cordoba,M/Linares
1994/CBM 40/[Ftacnik] (30)}) 17... O-O-O 18. h4 $1 $146 (18. Bxb7+ Kxb7 19.
Qe4+ Qc6 20. h4 Bd6 21. f4 b4 $1 22. Qxc6+ Kxc6 $13 {Hansen,L-Bagirov,V/Moscow/
1975/}) 18... b4 19. Ne4 Qd4 20. Nd2 Bd5 $2 {Trifft nicht den Kern der
Stellung.} (20... Nxb2 $5 {wird von IM Richard Forster in Schach 5/2000
angeregt. Da der Textzug verliert, ist diese Möglichkeit klar vorzuziehen. Die
Stellung ist mir völlig unklar, z.B.} 21. Qxe6+ Kb8 22. f7 Bg7 $13) 21. Rb1 Bh6
22. Nf3 Qe4 23. Qxe4 Bxe4 24. Nd2 $1 $18 {Die entscheidende Abwicklung, Weiß
löst das schwarze Figurenknäuel effektiv auf.} Bxg2+ 25. Kxg2 c3 (25... Nxb2
26. Rxb2 c3 27. Rc2 Bxg5 28. hxg5 $1 Rxh1 29. Kxh1 cxd2 30. Rxd2 Rxd2 31. f7
Rd8 32. g6 $18 {(Forster)}) 26. bxc3 bxc3 27. Ne4 c2 28. Rbc1 Rd4 (28... Nxc1
29. Rxc1 $18 {(Forster)}) (28... Bxg5 29. Nxg5 Nxc1 30. Rxc1 Rd2 31. Ne4 $18 {
(Forster)}) 29. Bxh6 Rxh6 30. f7 Rh8 31. Nxc5 $1 Nxc1 32. Rxc1 Rd6 33. Rxc2 Rc6
34. Rc4 Kd8 35. Rd4+ Ke7 36. Nd7 Ra6 37. Ne5 Rc8 38. Rf4 1-0

[Event "St Petersburg-ch"]
[Site "St Petersburg"]
[Date "1996.??.??"]
[Round "9"]
[White "Sakaev, Konstantin"]
[Black "Ivanov, Sergey"]
[Result "1-0"]
[WhiteElo "2600"]
[BlackElo "2515"]
[Annotator "Lutz,C"]
[PlyCount "109"]
[EventDate "1996.04.??"]
[EventType "tourn"]
[EventRounds "13"]
[EventCountry "RUS"]
[EventCategory "11"]
[SourceTitle "CBM 056"]
[Source "ChessBase"]
[SourceDate "1997.02.01"]
[SourceVersion "1"]
[SourceVersionDate "1997.02.01"]
[SourceQuality "1"]

1. d4 {Hecht} d5 2. Nf3 Nf6 3. c4 e6 4. Nc3 c6 5. Bg5 dxc4 6. e4 b5 7. e5 h6 8.
Bh4 g5 9. Nxg5 hxg5 10. Bxg5 Nbd7 11. g3 Bb7 12. Bg2 Qb6 13. exf6 O-O-O 14. O-O
c5 15. d5 b4 16. Na4 Qb5 17. a3 exd5 18. axb4 (18. Re1) 18... d4 $5 (18... cxb4
) 19. Bxb7+ {Remis in Sakaev,K-VanWely,L/Moscow olm 1994. Gemäß Van Wely kann
Weiß Dauerschach forcieren.} Kxb7 (19... Qxb7 $5) 20. Nc3 $5 {Dieser Zug führt
zwangsläufig zu einer Stellung mit ungewöhnlicher Materialverteilung.} (20.
bxc5 $5) (20. Nxc5+ $5) 20... dxc3 21. Qd5+ Kb6 (21... Kc8 $2 22. Rxa7 cxb2 23.
Bf4 $18) 22. Ra5 (22. bxc3 $2 cxb4 23. Be3+ Bc5) 22... Qxb4 23. bxc3 Qxa5 (
23... Qxc3 $2 24. Rb1+ Kxa5 25. Bd2 $18) 24. Rb1+ Qb5 (24... Kc7 $2 25. Rb7+
Kc8 26. Qc6+ $18) 25. Rxb5+ Kxb5 26. Qxf7 $13 {Ich denke, daß Schwarz in
dieser Stellung keine Problem haben sollte.} Bd6 27. Qd5 Nb6 28. Qf5 a5 29. Bc1
Rhe8 30. Kg2 Re1 31. Ba3 Be5 $2 {Ein glatter Tempoverlust.} (31... Bf8 32. g4
Rd2 33. g5 Ree2 34. g6 Rxf2+ 35. Qxf2 Rxf2+ 36. Kxf2 $18) (31... Re5 $1 32.
Qb1+ (32. Qg6 Nd5 {/\ ...Rf8}) 32... Kc6 $13 {/\ ...Nd5}) 32. f7 Bd6 33. g4 Bf8
34. h4 Rd2 35. h5 Ree2 36. Bxc5 $1 $18 Bxc5 37. Qxc5+ Kxc5 38. f8=Q+ {[#]_|_
Hecht Typisches Endspiel aus der Botwinnik-Variante der Slawischen
Verteidigung mit vollständigem Ungleichgewicht von Material und P-Verteilung.
Freibauernrennen! Taktik} Kb5 39. h6 Nd5 (39... Nd7 40. Qf5+ Re5 41. h7 Rxf5
42. gxf5 $18) 40. h7 Rxf2+ 41. Qxf2 Nf4+ 42. Kg3 Rxf2 43. h8=Q Nd3 44. Qe8+ Kb6
(44... Kc5 45. Qa4 $18) 45. Qd8+ Kb5 (45... Ka6 46. Qd6+) 46. Qd5+ Kb6 47. Qxc4
Rf3+ 48. Kg2 Rf2+ 49. Kg1 Rd2 50. g5 Nc5 51. g6 Rd7 52. Qg8 Kb7 53. g7 Ne6 54.
Qxe6 Rxg7+ 55. Kf2 1-0